000
00213 a2200097 4500
001
7448
100
_a
kelly, R A
245
_a
Use of English for Technical Students
260
_a
_b
Harrap
_c
090
_c
5986
_d
5986
942
_a
NUST-CAE
_c
M
_c
32473
999
_c
242521
_d
242521